The Three Musketeers (Record no. 186111)
[ view plain ]
| 000 -LÍDER | |
|---|---|
| campo de controle de tamanho fixo | 00343 a2200157 4500 |
| 001 - NÚMERO DE CONTROLE | |
| campo de controle | 186111 |
| 020 ## - ISBN - INTERNATIONAL STANDARD BOOK NUMBER | |
| ISBN - International Standard Book Number | 978-0-2307-1673-5 |
| 040 ## - FONTE DA CATALOGAÇÃO | |
| Instituição que transcreveu o registro | Magnum |
| 100 ## - ENTRADA PRINCIPAL--NOME PESSOAL | |
| Nome pessoal | Murgatroyd, Nicholas |
| 240 10 - TÍTULO UNIFORME | |
| Título uniforme | The Three Musketeers |
| Idioma da obra | ING |
| 245 10 - TÍTULO | |
| Título | The Three Musketeers |
| 300 ## - DESCRIÇÃO FÍSICA | |
| Extensão | 71 |
| 362 0# - DATAS DE PUBLICAÇÃO E/OU DESIGNAÇÃO SEQUENCIAL | |
| Datas de publicação e/ou designação sequencial | 2009 |
| 697 ## - ENTRADA DE ASSUNTO LOCAL--ENTIDADE COLETIVA (RLIN) | |
| Nome corporativo ou nome da jurisdição | LITERATURA INGLESA |
| 942 ## - ELEMENTOS DE ENTRADA ADICIONADOS (KOHA) | |
| Tipo de material Koha | Livros |
| Situação do descarte | Situação das perdas | Situação física | Não pode ser emprestado | Biblioteca de origem | Biblioteca atual | Data de aquisição | Total de empréstimos | Número de chamada completo | Código de barras | Data de último acesso | Data do preço efetivo | Tipo de material Koha |
|---|---|---|---|---|---|---|---|---|---|---|---|---|
| Magnum | Magnum | 08/06/2024 | 890.1.82 | MAG00052155 | 08/06/2024 | 08/06/2024 | Livros | |||||
| Magnum | Magnum | 08/06/2024 | 890.1.82 | MAG00052156 | 08/06/2024 | 08/06/2024 | Livros | |||||
| Magnum | Magnum | 08/06/2024 | 890.1.82 | MAG00052157 | 08/06/2024 | 08/06/2024 | Livros | |||||
| Magnum | Magnum | 08/06/2024 | 890.1.82 | MAG00052158 | 08/06/2024 | 08/06/2024 | Livros | |||||
| Magnum | Magnum | 08/06/2024 | 890.1.82 | MAG00052159 | 08/06/2024 | 08/06/2024 | Livros | |||||
| Magnum | Magnum | 08/06/2024 | 890.1.82 | MAG00052160 | 08/06/2024 | 08/06/2024 | Livros | |||||
| Magnum | Magnum | 08/06/2024 | 890.1.82 | MAG00052161 | 08/06/2024 | 08/06/2024 | Livros | |||||
| Magnum | Magnum | 08/06/2024 | 890.1.82 | MAG00052162 | 08/06/2024 | 08/06/2024 | Livros | |||||
| Magnum | Magnum | 08/06/2024 | 890.1.82 | MAG00052163 | 08/06/2024 | 08/06/2024 | Livros | |||||
| Magnum | Magnum | 08/06/2024 | 890.1.82 | MAG00052164 | 08/06/2024 | 08/06/2024 | Livros |